[Event "FIDE Women's Candidates"]
[Site "Kazan RUS"]
[Date "2019.05.31"]
[Round "1.1"]
[White "Gunina, Valentina"]
[Black "Lagno, Kateryna"]
[Result "1/2-1/2"]
[WhiteTitle "GM"]
[BlackTitle "GM"]
[WhiteElo "2506"]
[BlackElo "2554"]
[WhiteFideId "4167570"]
[BlackFideId "14109336"]
[EventDate "2019.05.31"]

1. e4 e5 2. Nf3 Nc6 3. Bb5 a6 4. Ba4 d6 5. c3 Bd7 6. O-O g6 7. d4 Bg7 8. Bg5 f6
9. Be3 Nh6 10. dxe5 dxe5 11. c4 Nf7 12. Nc3 Ne7 13. Qb3 Bxa4 14. Qxa4+ Qd7 15.
Qb4 b6 16. Rfd1 Qc6 17. Nd5 Nxd5 18. exd5 Qd7 19. c5 bxc5 20. Bxc5 Nd6 21. Bxd6
cxd6 22. Rac1 O-O 23. Rc6 Rfb8 24. Qa3 Bf8 25. h3 Qb7 26. b3 Qb5 27. Qc1 a5 28.
Nh2 f5 29. Qg5 Qb7 30. Rdc1 Qe7 31. Qd2 e4 32. Rc7 Qe5 33. Re1 Rb5 34. Rd1 a4
35. bxa4 Rxa4 36. Rc8 Rb2 37. Qh6 Qg7 38. Qf4 Raxa2 39. Rf1 Rc2 40. Re8 Qf7 41.
Rb8 Rab2 42. Rxb2 Rxb2 43. Rd1 Qa7 44. Nf1 Bh6 45. Qh4 Kg7 46. Ra1 Qxa1 47. Qe7+
Kg8 48. Qe6+ Kf8 49. Qc8+ Ke7 50. Qc7+ Ke8 51. Qc8+ Ke7 52. Qc7+ Kf6 53. Qxd6+
Kg5 54. Qe7+ Kh5 55. g3 Bg5 56. Qxh7+ Bh6 57. Qe7 Bg5 58. Qh7+ Bh6 59. Qe7 Bg5
60. Qh7+ 1/2-1/2

[Event "FIDE Women's Candidates"]
[Site "Kazan RUS"]
[Date "2019.05.31"]
[Round "1.3"]
[White "Dzagnidze, Nana"]
[Black "Tan, Zhongyi"]
[Result "1/2-1/2"]
[WhiteTitle "GM"]
[BlackTitle "GM"]
[WhiteElo "2510"]
[BlackElo "2513"]
[WhiteFideId "13601903"]
[BlackFideId "8603642"]
[EventDate "2019.05.31"]

1. e4 e5 2. Nf3 Nf6 3. Nxe5 d6 4. Nd3 Nxe4 5. Nc3 Nf6 6. Nf4 d5 7. d4 Be7 8. Be3
c6 9. Bd3 Na6 10. a3 Nc7 11. f3 c5 12. b3 b6 13. O-O O-O 14. Qd2 Re8 15. Rfe1
Bd6 16. Bf2 Ne6 17. Nfxd5 Nxd5 18. Nxd5 cxd4 19. c4 dxc3 20. Nxc3 Ba6 21. Nd5
Bxd3 22. Qxd3 Bc5 23. Bxc5 Nxc5 24. Qc4 Qd6 25. b4 Rxe1+ 26. Rxe1 Ne6 27. Rd1
Kh8 28. Nc3 Qe7 29. Nd5 Qd6 30. Nc3 Qe7 31. Nd5 Qd6 32. Nc3 1/2-1/2

[Event "FIDE Women's Candidates"]
[Site "Kazan RUS"]
[Date "2019.05.31"]
[Round "1.4"]
[White "Muzychuk, Mariya"]
[Black "Muzychuk, Anna"]
[Result "1/2-1/2"]
[WhiteTitle "GM"]
[BlackTitle "GM"]
[WhiteElo "2563"]
[BlackElo "2539"]
[WhiteFideId "14114550"]
[BlackFideId "14111330"]
[EventDate "2019.05.31"]

1. c4 e5 2. Nc3 Nf6 3. Nf3 Nc6 4. g3 d5 5. cxd5 Nxd5 6. Bg2 Bc5 7. O-O O-O 8. d3
Re8 9. Ng5 Nf6 10. Qb3 Qe7 11. Bxc6 bxc6 12. Nge4 Nxe4 13. Nxe4 Be6 14. Qc2 Bd4
15. Bd2 Bd5 16. Nc3 Be6 17. Ne4 Bd5 18. Nc3 Be6 19. Ne4 Bd5 20. Nc3 Be6 1/2-1/2

[Event "FIDE Women's Candidates"]
[Site "Kazan RUS"]
[Date "2019.06.01"]
[Round "2.3"]
[White "Tan, Zhongyi"]
[Black "Muzychuk, Mariya"]
[Result "1/2-1/2"]
[WhiteTitle "GM"]
[BlackTitle "GM"]
[WhiteElo "2513"]
[BlackElo "2563"]
[WhiteFideId "8603642"]
[BlackFideId "14114550"]
[EventDate "2019.05.31"]

1. d4 d5 2. c4 c6 3. Nf3 Nf6 4. Nc3 e6 5. e3 Nbd7 6. Qc2 Bd6 7. Bd3 O-O 8. O-O
e5 9. cxd5 cxd5 10. Nb5 Bb8 11. dxe5 Nxe5 12. Nxe5 Bxe5 13. Bd2 a6 14. Bc3 Bxc3
15. Nxc3 d4 16. Ne4 h6 17. Nxf6+ Qxf6 18. e4 Bd7 19. f4 Qb6 20. e5 Rac8 21. Qe2
Bb5 22. Rad1 Rc5 23. f5 Bxd3 24. Rxd3 Qb5 25. f6 Rxe5 26. Qg4 Rg5 27. Qxd4 Qc5
28. fxg7 Qxd4+ 29. Rxd4 Rxg7 30. Rd6 Rc8 31. Rb6 Rc7 32. h3 Rg6 33. Rff6 Rxf6
34. Rxf6 Kg7 35. Rb6 f6 36. Kf2 Kg6 37. Ke3 h5 38. g3 Kf5 39. Kd4 Rd7+ 40. Kc5
Ke5 41. Rb3 Rd5+ 42. Kc4 Rd4+ 43. Kc5 Rd5+ 44. Kc4 Rd4+ 45. Kc5 1/2-1/2

[Event "FIDE Women's Candidates"]
[Site "Kazan RUS"]
[Date "2019.06.04"]
[Round "4.1"]
[White "Dzagnidze, Nana"]
[Black "Gunina, Valentina"]
[Result "1-0"]
[WhiteTitle "GM"]
[BlackTitle "GM"]
[WhiteElo "2510"]
[BlackElo "2506"]
[WhiteFideId "13601903"]
[BlackFideId "4167570"]
[EventDate "2019.05.31"]

1. e4 e6 2. d4 d5 3. exd5 exd5 4. Nf3 Bd6 5. c4 Nf6 6. Nc3 O-O 7. cxd5 Bb4 8.
Bg5 Nbd7 9. Be2 h6 10. Bh4 Nb6 11. O-O Bxc3 12. bxc3 Nbxd5 13. Rc1 c6 14. Ne5 g5
15. Bg3 Ne4 16. Bc4 Kg7 17. Re1 Nxg3 18. hxg3 Be6 19. Bb3 Qf6 20. c4 Ne7 21. Rc3
h5 22. Rf3 Qh6 23. d5 cxd5 24. cxd5 Rad8 25. Qa1 f6 26. Nd3 g4 27. Rfe3 h4 28.
Rxe6 Ng6 29. Qc1 Qh8 30. Nf4 1-0

[Event "FIDE Women's Candidates"]
[Site "Kazan RUS"]
[Date "2019.06.05"]
[Round "5.1"]
[White "Gunina, Valentina"]
[Black "Muzychuk, Mariya"]
[Result "1/2-1/2"]
[WhiteTitle "GM"]
[BlackTitle "GM"]
[WhiteElo "2506"]
[BlackElo "2563"]
[WhiteFideId "4167570"]
[BlackFideId "14114550"]
[EventDate "2019.05.31"]

1. e4 c5 2. Nf3 e6 3. b3 b6 4. Bd3 Bb7 5. Bb2 Nc6 6. e5 Nb4 7. Be2 Nd5 8. g3 Nh6
9. c4 Nb4 10. O-O Nf5 11. d4 cxd4 12. Nxd4 Nxd4 13. Bxd4 d6 14. Bf3 dxe5 15.
Bxb7 Rb8 16. Bxe5 Rxb7 17. Qf3 Rd7 18. a4 f6 19. Bc3 Bc5 20. Qh5+ Ke7 21. Na3
Qe8 22. Qe2 Qa8 23. Qg4 Kf7 24. Rad1 Nd3 25. b4 Be7 26. Nb5 Rhd8 27. Nd4 Bxb4
28. Qxe6+ Kf8 29. Rxd3 Bxc3 30. Nf5 Qb7 31. Nh6 gxh6 32. Rxc3 Rd6 33. Qf5 Qf7
34. Qf3 Rd4 35. Re1 Kg7 36. Rce3 R8d7 37. Re4 h5 38. Qf5 Rxe4 39. Rxe4 Rd1+ 40.
Kg2 Qb7 41. Kh3 Qf7 42. a5 bxa5 43. Qc5 Qd7+ 44. Kh4 Re1 45. Rd4 Qe7 46. Qf5 Re5
47. Qd3 Qf7 48. f4 Re7 49. c5 Qg6 50. Qd1 Re1 51. Qxh5 Rh1 52. Rd7+ Kf8 53. Qxg6
Rxh2+ 54. Kg4 hxg6 55. Rxa7 Ra2 56. Kf3 f5 57. Ke3 Ra4 58. Kd3 Ke8 59. Ra6 Ra3+
60. Kd4 Rxg3 61. c6 Kd8 62. Kc5 Rc3+ 63. Kd6 Rd3+ 64. Ke5 Rc3 65. Kf6 Kc7 66.
Rxa5 Rxc6+ 67. Kg5 Kd7 68. Ra7+ Ke8 69. Rg7 Kf8 70. Rxg6 Rxg6+ 71. Kxg6 Kg8 72.
Kxf5 Kf7 1/2-1/2

[Event "FIDE Women's Candidates"]
[Site "Kazan RUS"]
[Date "2019.06.05"]
[Round "5.3"]
[White "Goryachkina, Aleksandra"]
[Black "Tan, Zhongyi"]
[Result "1-0"]
[WhiteTitle "GM"]
[BlackTitle "GM"]
[WhiteElo "2522"]
[BlackElo "2513"]
[WhiteFideId "4147103"]
[BlackFideId "8603642"]
[EventDate "2019.05.31"]

1. d4 Nf6 2. c4 e6 3. g3 d5 4. Bg2 dxc4 5. Nf3 c5 6. O-O Nc6 7. dxc5 Qxd1 8.
Rxd1 Bxc5 9. Nbd2 c3 10. bxc3 O-O 11. Nb3 Be7 12. Nfd4 Nxd4 13. cxd4 Nd5 14. Na5
Bb4 15. Nc4 Bd7 16. Rb1 Ba4 17. Rf1 Bc3 18. Bxd5 exd5 19. Ne3 Bxd4 20. Nxd5 b5
21. Bb2 Bxb2 22. Rxb2 Rfd8 23. Nc3 Rac8 24. Nxb5 Bxb5 25. Rxb5 Rd2 26. Rfb1 Rxa2
27. Rc5 Rd8 28. Kf1 Ra6 29. Rb7 Rh6 30. Rcc7 Rf8 31. h4 a6 32. f3 Rf6 33. g4 h5
34. g5 Rf4 35. Kg2 Rd4 36. g6 Rf4 37. Ra7 Rf6 38. gxf7+ R8xf7 39. Rxf7 Rxf7 40.
Rxa6 Kh7 41. Ra4 Kg6 42. Kf2 Rc7 43. Ra6+ Kf7 44. Ra5 g6 45. Kg3 Rc1 46. Kf4 Kg7
47. e4 Rf1 48. Ra7+ Kf6 49. e5+ Ke6 50. Ra6+ Kf7 51. Kg5 Rg1+ 52. Kh6 Rh1 53.
Rxg6 Rxh4 54. Rf6+ Ke7 55. Kg5 Rh1 56. Rh6 Rg1+ 57. Kf5 Rh1 58. Rh7+ Kf8 59. e6
Kg8 60. Ra7 h4 61. Ra8+ Kg7 62. e7 1-0

[Event "FIDE Women's Candidates"]
[Site "Kazan RUS"]
[Date "2019.06.05"]
[Round "5.4"]
[White "Lagno, Kateryna"]
[Black "Muzychuk, Anna"]
[Result "1/2-1/2"]
[WhiteTitle "GM"]
[BlackTitle "GM"]
[WhiteElo "2554"]
[BlackElo "2539"]
[WhiteFideId "14109336"]
[BlackFideId "14111330"]
[EventDate "2019.05.31"]

1. e4 e5 2. Nf3 Nc6 3. Bb5 a6 4. Ba4 Nf6 5. d3 Bc5 6. c3 d6 7. O-O Ba7 8. Re1
O-O 9. Nbd2 Ng4 10. Re2 f5 11. h3 Nh6 12. d4 Nf7 13. exf5 exd4 14. cxd4 Bxf5 15.
Ne4 b5 16. Bb3 Na5 17. Bc2 h6 18. b3 Nc6 19. a3 Nh8 20. d5 Ne5 21. Nxe5 dxe5 22.
Be3 Ng6 23. Bxa7 Rxa7 24. Ng3 Bxc2 25. Qxc2 Qd6 26. Rae1 c6 27. Qxc6 Qxc6 28.
dxc6 Rc7 29. Rc2 Rf6 30. Rec1 Ne7 31. Ne4 1/2-1/2

[Event "FIDE Women's Candidates"]
[Site "Kazan RUS"]
[Date "2019.06.06"]
[Round "6.1"]
[White "Muzychuk, Anna"]
[Black "Gunina, Valentina"]
[Result "1-0"]
[WhiteTitle "GM"]
[BlackTitle "GM"]
[WhiteElo "2539"]
[BlackElo "2506"]
[WhiteFideId "14111330"]
[BlackFideId "4167570"]
[EventDate "2019.05.31"]

1. e4 c6 2. d4 d5 3. exd5 cxd5 4. Bd3 Nc6 5. c3 Nf6 6. Bf4 Bg4 7. Qb3 Qd7 8. Nd2
e6 9. Ngf3 Bd6 10. Bxd6 Qxd6 11. O-O Bxf3 12. Nxf3 Rb8 13. Rfe1 O-O 14. Qc2 Qc7
15. a3 Ne7 16. Ne5 Nc8 17. Re3 Nd6 18. Rh3 h6 19. Re1 b5 20. Qc1 Nfe4 21. f3 Ng5
22. Rg3 f6 23. Ng6 Rfe8 24. h4 Ngf7 25. Nf4 g5 26. hxg5 fxg5 27. Nxe6 Qc8 28.
Nf4 Qc6 29. Ng6 Rxe1+ 30. Qxe1 Re8 31. Ne5 Nxe5 32. dxe5 Qb6+ 33. Kh1 Nf7 34. f4
Kf8 35. Rf3 g4 36. Rf1 h5 37. Qh4 Kg7 38. Re1 a6 39. Bf5 Qh6 40. Bd7 Rf8 41. e6
Qxf4 42. e7 Rh8 43. e8=Q Rxe8 44. Bxe8 Ng5 45. Bxh5 1-0

[Event "FIDE Women's Candidates"]
[Site "Kazan RUS"]
[Date "2019.06.06"]
[Round "6.3"]
[White "Dzagnidze, Nana"]
[Black "Goryachkina, Aleksandra"]
[Result "0-1"]
[WhiteTitle "GM"]
[BlackTitle "GM"]
[WhiteElo "2510"]
[BlackElo "2522"]
[WhiteFideId "13601903"]
[BlackFideId "4147103"]
[EventDate "2019.05.31"]

1. Nf3 d5 2. e3 Nf6 3. c4 c6 4. b3 Bf5 5. Be2 h6 6. Ba3 Nbd7 7. O-O e6 8. Bxf8
Nxf8 9. Nc3 N8d7 10. d4 O-O 11. b4 Qe7 12. Qb3 Bg4 13. Rfd1 Ne4 14. Rac1 Ndf6
15. h3 Bxf3 16. Bxf3 Nd6 17. c5 Nf5 18. b5 e5 19. bxc6 bxc6 20. Rb1 e4 21. Be2
Rac8 22. Rd2 Rc7 23. Rdb2 Nh4 24. g3 Nf3+ 25. Kg2 Qd7 26. Qd1 Ng5 27. h4 Ne6 28.
Rb8 g5 29. hxg5 hxg5 30. Qh1 Rxb8 31. Rxb8+ Rc8 32. Qb1 Qd8 33. Rb7 Ra8 34. Qh1
Qc8 35. Rb1 Rb8 36. Qh6 Rxb1 37. Nxb1 Nh7 38. Nd2 Qb7 39. Bg4 Ng7 40. Qd6 f5 41.
Bd1 Qb5 42. a4 Qa6 43. Bb3 Qc8 44. a5 Ne8 45. Qg6+ Kh8 46. g4 Ng7 47. Ba4 f4 48.
Kh3 Ne6 49. Nxe4 fxe3 50. fxe3 dxe4 51. Qxe4 Nf6 52. Qe5 Kg7 53. Bd1 Qa6 54. Bf3
Qf1+ 55. Bg2 Qf2 56. Bxc6 Qh4+ 57. Kg2 Qxg4+ 58. Kf2 Kf7 59. Bf3 Qh4+ 60. Ke2 g4
61. Bb7 g3 62. Bg2 Qg4+ 63. Kd2 Ng5 64. c6 Nge4+ 65. Bxe4 Nxe4+ 66. Kd3 Nf6 67.
c7 g2 68. d5 g1=Q 69. Qe6+ Qxe6 70. dxe6+ Kg7 0-1

[Event "FIDE Women's Candidates"]
[Site "Kazan RUS"]
[Date "2019.06.09"]
[Round "8.3"]
[White "Muzychuk, Anna"]
[Black "Muzychuk, Mariya"]
[Result "1/2-1/2"]
[WhiteTitle "GM"]
[BlackTitle "GM"]
[WhiteElo "2539"]
[BlackElo "2563"]
[WhiteFideId "14111330"]
[BlackFideId "14114550"]
[EventDate "2019.05.31"]

1. e4 c6 2. d4 d5 3. Nc3 dxe4 4. Nxe4 Bf5 5. Ng3 Bg6 6. h4 h6 7. Nf3 Nd7 8. h5
Bh7 9. Bd3 Bxd3 10. Qxd3 e6 11. Bd2 Ngf6 12. O-O-O Be7 13. Ne4 Nxe4 14. Qxe4 Nf6
15. Qd3 O-O 16. g4 Nxg4 17. Rhg1 Nxf2 18. Qe2 Nxd1 19. Bxh6 Bf6 20. Bxg7 Bxg7
21. h6 Qf6 22. Rxg7+ Kh8 23. Ng5 Qxd4 24. Rh7+ Kg8 25. Rg7+ Kh8 26. Rh7+ Kg8 27.
Rg7+ Kh8 28. Rh7+ Kg8 1/2-1/2

[Event "FIDE Women's Candidates"]
[Site "Kazan RUS"]
[Date "2019.06.10"]
[Round "9.3"]
[White "Dzagnidze, Nana"]
[Black "Muzychuk, Anna"]
[Result "0-1"]
[WhiteTitle "GM"]
[BlackTitle "GM"]
[WhiteElo "2510"]
[BlackElo "2539"]
[WhiteFideId "13601903"]
[BlackFideId "14111330"]
[EventDate "2019.05.31"]

1. Nf3 Nf6 2. c4 c5 3. Nc3 Nc6 4. e3 e5 5. d4 e4 6. d5 exf3 7. dxc6 fxg2 8.
cxd7+ Qxd7 9. Bxg2 Qxd1+ 10. Kxd1 Bg4+ 11. Kc2 O-O-O 12. f4 Bd6 13. e4 Bb8 14.
Rg1 Rhe8 15. e5 Bf5+ 16. Kb3 Nd7 17. Bd5 f6 18. Rxg7 fxe5 19. Bd2 exf4 20. Rf1
Be5 21. Rf7 Bg6 22. Bxf4 Bxf7 23. Bxf7 Re7 24. Bxe5 Nxe5 25. Bd5 Ng6 26. Be4 Rf8
27. Rg1 Nf4 28. Rg5 b6 29. a4 Ne2 30. Nxe2 Rxe4 31. Nc3 Rh4 32. a5 Rxh2 33. Rg7
Rff2 34. Na4 bxa5 35. Rxa7 Rf3+ 36. Ka2 Rf5 37. Rxa5 h5 38. Nxc5 h4 39. Ra8+ Kc7
40. Ne6+ Kd7 41. Nd4 Rh5 42. Ra7+ Kc8 43. c5 Rxc5 44. Rh7 Rc4 45. Nf5 Kb8 46.
Ka3 h3 47. b3 Rc5 48. Nd6 Rd5 49. Nc4 Rb5 50. b4 Rb7 51. Rh8+ Ka7 52. Ka4 Rh1
53. b5 h2 54. Na3 Re7 55. Rh4 Kb7 56. Kb4 Rd7 57. Rh3 Rf7 58. Nc4 Rb1+ 59. Ka5
Rf2 60. Rh7+ Kc8 61. Nd6+ Kd8 62. Nb7+ Ke8 63. Nd6+ Kf8 64. Ne4 Ra2+ 0-1

[Event "FIDE Women's Candidates"]
[Site "Kazan RUS"]
[Date "2019.06.13"]
[Round "11.1"]
[White "Gunina, Valentina"]
[Black "Dzagnidze, Nana"]
[Result "1-0"]
[WhiteTitle "GM"]
[BlackTitle "GM"]
[WhiteElo "2506"]
[BlackElo "2510"]
[WhiteFideId "4167570"]
[BlackFideId "13601903"]
[EventDate "2019.05.31"]

1. Nf3 Nf6 2. c4 e6 3. e3 b6 4. b3 Bb7 5. Bb2 d5 6. Be2 dxc4 7. bxc4 c5 8. O-O
Be7 9. Nc3 O-O 10. Qc2 Nc6 11. Rad1 Rc8 12. d4 cxd4 13. exd4 Na5 14. d5 exd5 15.
Ng5 g6 16. cxd5 Bb4 17. Qd3 Bxc3 18. Bxc3 Nxd5 19. Bd2 Nc3 20. Rde1 Nxe2+ 21.
Qxe2 Re8 22. Qb5 Bc6 23. Qb4 Qd5 24. f3 Qc4 25. Qa3 h6 26. Nh3 Qd4+ 27. Be3 Nc4
28. Bxd4 Nxa3 29. Rxe8+ Rxe8 30. Rc1 Bd5 31. Bb2 Nc4 32. Bf6 g5 33. Nf2 Re2 34.
Ng4 h5 35. Nf2 Rxa2 36. Bxg5 b5 37. Rd1 Be6 38. Rd8+ Kg7 39. Ne4 f5 40. Nc5 Bf7
41. Rb8 Rb2 42. h4 a5 43. Rb7 Re2 44. Nd3 Re8 45. Rxb5 a4 46. Rxf5 a3 47. Bf6+
Kg6 48. Rf4 a2 49. Ba1 Re3 50. Rf6+ Kg7 51. Kf2 Kf8 52. Nc5 Ra3 53. Rc6 Ra5 54.
Ne4 Bd5 55. Rc8+ Ke7 56. Nf6 Be6 57. Rc7+ Kd8 58. Rh7 Nd2 59. Nxh5 Nb3 60. Bf6+
Kc8 61. Ng7 Bd7 62. Rh8+ Kb7 63. Rd8 Kc7 64. Ne8+ Kc6 65. Rb8 Bxe8 66. Rxe8 Kd7
67. Re3 a1=Q 68. Bxa1 Nxa1 69. g4 Nc2 70. Re4 Ra6 71. h5 Re6 72. Rc4 Ne3 73.
Rd4+ Ke7 74. Kg3 Kf6 75. Rd7 Re7 76. Rd6+ Re6 77. Rd4 Kg5 78. f4+ Kh6 79. Kf3
Nc2 80. Rd2 Ne1+ 81. Kf2 Re4 82. Rd6+ Kh7 83. Rf6 Nc2 84. g5 Nd4 85. Rf7+ Kg8
86. g6 Re6 87. Kg3 Rd6 88. Kg4 Ne6 89. Ra7 Rd4 90. Rf7 Rd6 91. Re7 Kf8 92. Ra7
Ng7 93. f5 Rd4+ 94. Kg5 Rd5 95. Rf7+ Kg8 96. h6 Ne6+ 97. Kf6 Nf8 98. h7+ Nxh7+
99. Rxh7 Rd6+ 100. Kg5 Rd1 101. Ra7 Rd8 102. Kh6 Rf8 103. f6 Rxf6 104. Ra8+ Rf8
105. Rxf8+ Kxf8 106. Kh7 1-0